Lenguaje y comunicación 7º básico

Saved in:
Bibliographic Details
Main Authors: Gómez Torrego, Leonardo (autor), De la Hoz, Concha (Author), Navarro, Pilar (Author), Sotelo, Jorge (Author)
Format: Book
Language:Spanish
Published: Santiago Ediciones SM Chile 2000
Subjects:
Tags: Add Tag
No Tags, Be the first to tag this record!

MARC

LEADER 00000nam a2200000 a 4500
001 UCH8399
003 CL-VaPUC
008 091127e20000000CL |||||||||||||||||spa|d
020 |a 9562641384 
082 0 4 |a 372.6  |b GOM  |2 21 
100 |a Gómez Torrego, Leonardo  |e autor  |9 558600 
700 0 |a De la Hoz, Concha  |e author  |9 544987 
700 0 |a Navarro, Pilar  |e author  |9 544988 
700 0 |a Sotelo, Jorge  |e author  |9 544989 
245 1 0 |a Lenguaje y comunicación 7º básico 
300 |a 255 p 
942 |c BK 
945 |d 20091127 00:00:00  |a lazolas 
260 |a Santiago  |b Ediciones SM Chile  |c 2000 
500 |a Material de Lenguaje y Comunicación para el séptimo año de Enseñanza Básica, según los Objetivos Fundamentales y Contenidos Mínimos Obligatorios 
650 0 |a Educación lingüística  |9 306506 
650 0 |a Educación básica   |9 224933 
650 0 |a Métodos de enseñanza  |9 270413 
650 0 |a Libros de texto  |9 270019 
583 |a last modification  |c 20170816 01:23:49  |k Rodrigo Vera 
999 |c 338613  |d 338611